The Seven habits of highly effective people (Record no. 550349)

000 -LEADER
fixed length control field 00617nam a2200193Ia 4500
020 ## - INTERNATIONAL STANDARD BOOK NUMBER
International Standard Book Number 0671711172(hb)
082 ## - DEWEY DECIMAL CLASSIFICATION NUMBER
Classification number 646.78
Author Mark COV
100 ## - MAIN ENTRY--PERSONAL NAME
Personal name Covey- Stephen R.
9 (RLIN) 346
245 ## - TITLE STATEMENT
Title The Seven habits of highly effective people
Remainder of title restoring the character ethic
260 ## - PUBLICATION, DISTRIBUTION, ETC.
Place of publication, distribution, etc. London:
Name of publisher, distributor, etc. Simon and Schuster ,
Date of publication, distribution, etc. 1992
260 ## - PUBLICATION, DISTRIBUTION, ETC.
Place of publication, distribution, etc. Rawalpindi
Name of publisher, distributor, etc. Service Book Club .
Date of publication, distribution, etc. 2000
300 ## - PHYSICAL DESCRIPTION
Extent 358p. :ill
526 ## - STUDY PROGRAM INFORMATION NOTE
Program name 0
Interest level 0
Reading level 0
Title point value 646_780000000000000_COV
526 ## - STUDY PROGRAM INFORMATION NOTE
Program name 0
Interest level 0
Reading level 0
Title point value 646_780000000000000_COV
650 ## - SUBJECT ADDED ENTRY--TOPICAL TERM
Topical term or geographic name entry element Communication in the Family
9 (RLIN) 47049
650 ## - SUBJECT ADDED ENTRY--TOPICAL TERM
Topical term or geographic name entry element MCE
9 (RLIN) 379
650 ## - SUBJECT ADDED ENTRY--TOPICAL TERM
Topical term or geographic name entry element Parent and Child
9 (RLIN) 45973
942 ## - ADDED ENTRY ELEMENTS (KOHA)
Source of classification or shelving scheme
Koha item type Book
Holdings
Withdrawn status Lost status Source of classification or shelving scheme Damaged status Not for loan Permanent Location Current Location Date acquired Total Checkouts Total Renewals Full call number Barcode Date last seen Date last checked out Price effective from Koha item type
          Military College of Engineering (MCE) Military College of Engineering (MCE) 10/31/2014 9 1 646.78 COV MCE-39527 03/24/2020 03/04/2020 03/14/2021 Book
          Military College of Engineering (MCE) Military College of Engineering (MCE) 11/18/2014 4 1 646.78 COV MCE-lib123 08/05/2020 05/05/2020 11/18/2014 Book
© 2023 Central Library, National University of Sciences and Technology. All Rights Reserved.